000 01282nam a2200205 a 4500
008 180515e1995 sp ||||| |||| 00| f spa d
020 _a8472239055
041 _aspa
092 _21a ed.
_c808
_l79
_sSIM
100 1 _aSimenon, Georges.
_93911
245 _aMaigret.
_bLiberty Bar /
_cGeorges Simenon
250 _a1a ed.
_bTraducción de Carlos Pujol
260 _aBarcelona:
_bPlaneta;
_c1995.
300 _a174 p.
500 _aSimenon, G. (1995). Maigret. Liberty Bar. (1a ed.). Barcelona : Planeta.
505 _aEl aspecto general, la expresión del rostro, esa mirada demasiado serena, ese rictus a la vez bondadoso e irónico de los labios... Al mirar una fotografía de la victima, el comisario Maigret tiene la sensación de haber conocido a William Brown, ese australiano antaño riquísimo que un buen día, harto de Australia y de las ovejas, de su familia y del dinero, decidió perderse en la indolente pereza que flota en el Liberty, un bar situado a la sombra de los lujosos hoteles de Cannes. El comisario investiga el caso muy intrigado, a veces enfadado: ese hombre que ha muerto de una cuchillada en la espalda ¡tiene además la osadía de parecérsele!
590 _aDONACION DR. Andres Gallardo Mayo 2018
655 _aLiteratura
_92917
942 _2ddc
_cLIT
999 _c2741
_d2741